| 000 | 00453 a2200157 4500 | ||
|---|---|---|---|
| 003 | OSt | ||
| 005 | 20231107160133.0 | ||
| 008 | 231107b |||||||| |||| 00| 0 eng d | ||
| 040 | _coclc | ||
| 082 |
_a297 _bMAU/S |
||
| 100 |
_aMaulavi, Marhoom p Abdul Quadir _99857 |
||
| 245 |
_aSiyarathul Quboor / _cMarhoom P Abdul Quadir Maulavi |
||
| 260 |
_aKerala: _bYuvatha, |
||
| 300 | _a142p | ||
| 942 |
_2ddc _cBK _h297 _iMAU/S _k297 _mMAU/S |
||
| 999 |
_c42872 _d42872 |
||